SalesBURST!! : World's fastest (entrepreneurial) sales training
Evans writes with urgency, in nearly breathless prose punctuated by bulleted lists and a direct first-person voice to the reader. His advice is sensible, detailed, and backed up by examples.
Guardado en:
| Autor principal: | |
|---|---|
| Formato: | Libro |
| Lenguaje: | Undetermined |
| Publicado: |
Hoboken, N.J.
John Wiley & Sons
2007
|
| Materias: | |
| Etiquetas: |
Agregar Etiqueta
Sin Etiquetas, Sea el primero en etiquetar este registro!
|
| Thư viện lưu trữ: | Trung tâm Học liệu Trường Đại học Cần Thơ |
|---|
| LEADER | 00745nam a2200217Ia 4500 | ||
|---|---|---|---|
| 001 | CTU_162307 | ||
| 008 | 210402s9999 xx 000 0 und d | ||
| 020 | |c 22.95 | ||
| 082 | |a 658.85 | ||
| 082 | |b E92 | ||
| 100 | |a Evans, Patrick | ||
| 245 | 0 | |a SalesBURST!! : | |
| 245 | 0 | |b World's fastest (entrepreneurial) sales training | |
| 245 | 0 | |c Patrick Evans | |
| 260 | |a Hoboken, N.J. | ||
| 260 | |b John Wiley & Sons | ||
| 260 | |c 2007 | ||
| 520 | |a Evans writes with urgency, in nearly breathless prose punctuated by bulleted lists and a direct first-person voice to the reader. His advice is sensible, detailed, and backed up by examples. | ||
| 650 | |a Selling | ||
| 904 | |i Giang | ||
| 980 | |a Trung tâm Học liệu Trường Đại học Cần Thơ | ||